|
|
|
|
| LEADER |
00000cam a2200000 i 4500 |
| 001 |
1/59334 |
| 008 |
040820s1997 gr | ||| |||| ||gre|| |
| 020 |
|
|
|a 9602880481
|
| 035 |
|
|
|l 10074100
|
| 040 |
|
|
|a GR-MyUA
|b gre
|e AACR2
|
| 041 |
0 |
|
|a gre
|
| 082 |
0 |
|
|a 302.23
|2 (22)
|
| 100 |
1 |
|
|a Βρύζας, Κωνσταντίνος.
|
| 245 |
1 |
0 |
|a Μέσα επικοινωνίας και παιδική ηλικία /
|c Κωνσταντίνος Βρύζας.
|
| 260 |
|
|
|a Θεσσαλονίκη :
|b Βάνιας,
|c 1997.
|
| 300 |
|
|
|a 163 σ. :
|b πιν. ;
|c 21 εκ.
|
| 504 |
|
|
|a Περιέχει βιβλιογραφικές παραπομπές.
|
| 650 |
0 |
0 |
|a Mass media and children.
|
| 650 |
0 |
0 |
|a Television and children.
|
| 650 |
0 |
0 |
|a Advertising and children.
|
| 852 |
|
|
|a INST
|b LEMNOS
|e 20150731
|h 302.23 ΒΡΥ
|p 005600001421
|q 005600001421
|t BK
|y 0
|
| 852 |
|
|
|a INST
|b LESVOS
|e 20040820
|h 302.23 ΒΡΥ
|p 005100028125
|q 005100028125
|t BK
|y 0
|
| 852 |
|
|
|a INST
|b LESVOS
|e 20081120
|h 302.23 ΒΡΥ
|p 005100044237
|q 005100044237
|t BK
|y 0
|
| 852 |
|
|
|a INST
|b LESVOS
|e 20120315
|h 302.23 ΒΡΥ
|p 005100050629
|q 005100050629
|t BK
|y 0
|
| 852 |
|
|
|a INST
|b RHODES
|e 20130731
|h 302.23 ΒΡΥ
|p 005400035461
|q 005400035461
|t BK
|y 0
|
| 852 |
|
|
|a INST
|b SAMOS
|e 20161109
|h 302.23 ΒΡΥ
|p 005300043890
|q 005300043890
|t BK
|y 0
|
| 901 |
|
|
|a BIBL1-2004-2
|
| 901 |
|
|
|a BIBL1-2008-3
|
| 901 |
|
|
|a BIBL4-2013-2
|
| 909 |
|
|
|a Λ
|b 112057
|
| 909 |
|
|
|a Λ
|b 141090
|
| 909 |
|
|
|a Λ
|b 170230
|
| 909 |
|
|
|a Ρ
|b 176990
|
| 970 |
|
|
|a ΣΠΥΡΕΛΛΗ
|b ΕΥΑΓΓΕΛΙΑ
|z 2004/08/20
|